Statistics for South Park Characters

Click here to take the quiz!

General Stats

  • This quiz has been taken 33,198 times
  • The average score is 20 of 32

Answer Stats

HintCharacter% Correct
Frequently diesKenny
99%
Main character #3Cartman
98%
Main character #2Kyle
95%
Main character #1Stan
94%
"The fourth friend" at timesButters
90%
Disabled kid who says his own name a lotTimmy
85%
Soul-singing cafeteria workerChef
77%
Rich African-American kidToken
77%
Disabled kid / stand-up comedianJimmy
76%
Third grade teacher with multiple sex changesMr. Garrison
75%
Adopted, Canadian younger brother of #2Ike
72%
Girl who causes #1 to vomitWendy
72%
Father of #1Randy
70%
Farting Canadian comedy duoPhillip
68%
Drug-addicted towelTowelie
68%
Farting Canadian comedy duoTerrance
67%
The guidance counselor, mmm-kayMr. Mackey
64%
Hyperactive, coffee-drinking kidTweak
63%
Puppet of the aboveMr. Hat
56%
Supervillain alter-ego of the aboveProfessor Chaos
56%
Best friend of the aboveBebe
50%
Killed his mother by leaving the toilet seat upClyde
48%
Incompetent police officerOfficer Barbrady
47%
Mother of #1Sharon
46%
Uncle of #1, and gun enthusiastJimbo
45%
Older sister of #1Shelly
45%
Flamboyant character who is "Super"Big Gay Al
43%
The class troublemakerCraig
42%
Mother of #2Sheila
41%
Father of #2Gerald
38%
Best friend of above, who is missing a larynxNed
31%
Sidekick to the above superheroGeneral Disarray
25%

Score Distribution

Percentile by Number Answered

Percent of People with Each Score

Your Score History

You have not taken this quiz